US Cities on the Correct Side of the Mississippi River - Sudden Death - Statistics

General Stats
  • This quiz has been taken 63 times
    23 since last reset
  • The average score is 15 of 22
Answers on the Grid
Answers color-coded by a green-red scale on the quiz's grid according to % correct below.
Seattle
)…...M...…(
Fargo
Milwaukee
)...….I…....(
Boston
Detroit
)...…S...…(
Chicago
Des Moines
)...…S…...(
Cleveland
Omaha
)…....I...….(
New York
Pittsburgh
)...…S…...(
Philadelphia
Indianapolis
)...…S…...(
Denver
Hannibal
)…....I…....(
Baltimore
Kansas City
)…...P...…(
Cincinnati
St. Louis
)…...P...…(
Louisville
Las Vegas
)…....I...….(
Nashville
Tulsa
)….....……(
Memphis
Albuquerque
)…...R…...(
Little Rock
Atlanta
)…....I...….(
Phoenix
Dallas
)...…V…...(
San Diego
El Paso
)...…E…...(
Houston
Orlando
)...…R…...(
Miami
 
Answer Stats
Answer % Correct
Boston
80%
Cleveland
80%
New York
80%
Cincinnati
75%
Des Moines
75%
Nashville
75%
Philadelphia
75%
Baltimore
70%
Chicago
70%
Seattle
70%
Tulsa
70%
Albuquerque
65%
Dallas
65%
El Paso
65%
Kansas City
65%
Las Vegas
65%
Louisville
65%
Memphis
65%
St. Louis
65%
Omaha
60%
Miami
55%
Hannibal
50%
No matching quizzes found
Score Distribution
Percent of People with Each Score
Percentile by Number Answered
Your Score History
You have not taken this quiz since the last reset